Identify person (Iris edition) - Statistics

General Stats
  • This quiz has been taken 24 times
  • The average score is 10 of 25
Answer Stats
Hint Answer % Correct
gives me food, also a james charles enthusiast Claire
72%
Eagles Superfan Marek
72%
fortnite sweat Ethan
67%
6'7 nonchalant Iris
67%
James Charles Enthusiest Chantal
61%
Always comes to english late?? Daniel
56%
Fellow Chinese spy Jonathan
56%
Comes to school late even tho he lives 5 minutes away Juan
56%
Asian bae Kylie
50%
Twin bae Safa
50%
Really nice, sent me autism tests Alan
44%
plane lover Alex
39%
in my gym and ibest Brandon
39%
Really helpful in explaining things David
39%
Chau Julia
39%
so smart, robotics Sakura
39%
tall golfer Phillip
33%
D1 opposition Austyn
28%
Says hes 5'8 but is lowk my height Nico
28%
good tablemate, lends me his charger a lot Bryce C
22%
Julia Chau
22%
Good worker in projects Bryce M
17%
Keeps side eying me? Peter
17%
Really fricking short Grace
11%
also very good project partner Tobi
11%
No matching quizzes found
Score Distribution
Percent of People with Each Score
Percentile by Number Answered
Your Score History
You have not taken this quiz